Statystyki dla Województwa graniczące z województwem wielkopolskim

Kliknij tutaj aby rozwiązać quiz!

Ogólne statystyki

  • Ten quiz został rozwiązany 7 razy
  • Średni wynik to 6 z 7

Statystyki odpowiedzi

Wojewódtwo% Poprawnych
dolnośląskie
100%
łódzkie
100%
lubuskie
100%
pomorskie
100%
kujawsko-pomorskie
86%
zachodniopomorskie
86%
opolskie
71%

Rozkład punktacji

Percentyl według liczby udzielonych odpowiedzi

Procent ludzi z każdym wynikiem

Twoja historia wyników

Nie rozwiązałeś tego quizu